NBA MVPs, team and number in XXI century - Statistics

General Stats
  • This quiz has been taken 39 times
  • The average score is 69 of 75
Answer Stats
Answer % Correct
LeBron James
100%
LeBron James
100%
LeBron James
100%
LeBron James
100%
Stephen Curry
100%
Stephen Curry
100%
2
97%
23
97%
23
97%
3
97%
Kevin Durant
97%
Kobe Bryant
97%
0
93%
1
93%
13
93%
13
93%
13
93%
24
93%
30
93%
30
93%
6
93%
6
93%
Cleveland Cavaliers
93%
Cleveland Cavaliers
93%
Giannis Antetokounmpo
93%
Giannis Antetokounmpo
93%
Golden State Warriors
93%
Golden State Warriors
93%
James Harden
93%
Joel Embiid
93%
Los Angeles Lakers
93%
Miami Heat
93%
Miami Heat
93%
Nikola Jokić
93%
Nikola Jokić
93%
Nikola Jokić
93%
Oklahoma City Thunder
93%
Oklahoma City Thunder
93%
Oklahoma City Thunder
93%
Russell Westbrook
93%
Shai Gilgeous-Alexander
93%
15
90%
15
90%
15
90%
35
90%
Dallas Mavericks
90%
Denver Nuggets
90%
Denver Nuggets
90%
Denver Nuggets
90%
Dirk Nowitzki
90%
Houston Rockets
90%
Phoenix Suns
90%
Phoenix Suns
90%
Steve Nash
90%
Steve Nash
90%
34
87%
34
87%
Allen Iverson
87%
Chicago Bulls
87%
Derrick Rose
87%
Milwaukee Bucks
87%
Milwaukee Bucks
87%
Philadelphia 76ers
87%
Philadelphia 76ers
87%
San Antonio Spurs
87%
San Antonio Spurs
87%
Tim Duncan
87%
Tim Duncan
87%
21
83%
21
83%
21
83%
21
83%
41
83%
Kevin Garnett
83%
Minnesota Timberwolves
83%
No matching quizzes found
Score Distribution
Percent of People with Each Score
Percentile by Number Answered
Your Score History
You have not taken this quiz